The architecture of the well-tempered environment / (Record no. 352381)

000 -LEADER
fixed length control field 01681 a2200313 4500
003 - CONTROL NUMBER IDENTIFIER
control field OSt
005 - DATE AND TIME OF LATEST TRANSACTION
control field 20180116192333.0
008 - FIXED-LENGTH DATA ELEMENTS--GENERAL INFORMATION
fixed length control field 120419t xxu||||| |||| 00| 0 eng d
010 ## - LIBRARY OF CONGRESS CONTROL NUMBER
LC control number 84000156
020 ## - INTERNATIONAL STANDARD BOOK NUMBER
International Standard Book Number 0226036979 :
020 ## - INTERNATIONAL STANDARD BOOK NUMBER
International Standard Book Number 0226036987 (pbk.) :
040 ## - CATALOGING SOURCE
Transcribing agency 0
082 00 - DEWEY DECIMAL CLASSIFICATION NUMBER
Classification number 720.47
100 1# - MAIN ENTRY--PERSONAL NAME
Personal name Banham, Reyner.
9 (RLIN) 773
245 14 - TITLE STATEMENT
Title The architecture of the well-tempered environment /
Statement of responsibility, etc. Reyner Banham.
250 ## - EDITION STATEMENT
Edition statement 2nd ed.
260 ## - PUBLICATION, DISTRIBUTION, ETC.
Place of publication, distribution, etc. Chicago :
Name of publisher, distributor, etc. University of Chicago Press,
Date of publication, distribution, etc. 1984.
300 ## - PHYSICAL DESCRIPTION
Extent 319 p. :
Other physical details ill. ;
Dimensions 20 cm.
500 ## - GENERAL NOTE
General note Includes index
505 ## - FORMATTED CONTENTS NOTE
Formatted contents note -------------------------------------------------------------------------------- 1. Unwarrented apology 2. Environmental management 3. A dark satanic century 4. The kit of parts: heat and light 5. Environments of large buildings 6. The well-tempered home 7. The environment of the machine aesthetic 8. Machines à habiter 9. Towards full control 10. Concealed power 11. Exposed power 12. A range of methods 13. A breath of intelligence Readings in environmental technology Photo credits Index
650 #0 - SUBJECT ADDED ENTRY--TOPICAL TERM
Topical term or geographic name entry element Buildings
General subdivision Environmental engineering.
9 (RLIN) 774
650 #0 - SUBJECT ADDED ENTRY--TOPICAL TERM
Topical term or geographic name entry element Architecture
9 (RLIN) 775
650 #0 - SUBJECT ADDED ENTRY--TOPICAL TERM
Topical term or geographic name entry element Architecture
General subdivision Environmental aspects
9 (RLIN) 776
856 42 - ELECTRONIC LOCATION AND ACCESS
Materials specified Contributor biographical information
Uniform Resource Identifier <a href="http://www.loc.gov/catdir/enhancements/fy0609/84000156-b.html">http://www.loc.gov/catdir/enhancements/fy0609/84000156-b.html</a>
856 42 - ELECTRONIC LOCATION AND ACCESS
Materials specified Publisher description
Uniform Resource Identifier <a href="http://www.loc.gov/catdir/enhancements/fy0608/84000156-d.html">http://www.loc.gov/catdir/enhancements/fy0608/84000156-d.html</a>
856 42 - ELECTRONIC LOCATION AND ACCESS
Materials specified Table of contents only
Uniform Resource Identifier <a href="http://www.loc.gov/catdir/enhancements/fy0608/84000156-t.html">http://www.loc.gov/catdir/enhancements/fy0608/84000156-t.html</a>
942 ## - ADDED ENTRY ELEMENTS (KOHA)
Institution code [OBSOLETE] SADA
Koha item type Book
Call number prefix 720.47 BAN 1984
Source of classification or shelving scheme
Holdings
Withdrawn status Lost status Source of classification or shelving scheme Damaged status Not for loan Permanent Location Current Location Date acquired Total Checkouts Full call number Barcode Date last seen Date last checked out Cost, replacement price Price effective from Koha item type
          School of Art Design and Architecture (SADA) School of Art Design and Architecture (SADA) 09/29/2010 1 720.47 BAN 1984 SADA0000273 12/21/2012 12/13/2012 3911.00 08/05/2011 Book
© 2023 Central Library, National University of Sciences and Technology. All Rights Reserved.